| Tag |
First Indicator |
Second Indicator |
Subfields |
| LEADER |
00000cam a2200000 4500 |
| 001 |
in00000065021 |
| 005 |
20151008051215.0 |
| 008 |
731003s1966 nju 00010 eng |
| 010 |
|
|
|a 66009595
|
| 035 |
|
|
|a (OCoLC)00423231
|
| 035 |
|
|
|9 AAG6439AM
|
| 040 |
|
|
|a DLC
|c DLC
|d TXA
|d UtOrBLW
|
| 043 |
|
|
|a n-us-ks
|
| 049 |
|
|
|a TXAM
|c [468668]
|
| 050 |
0 |
0 |
|a RC445.K3
|b T625
|
| 082 |
0 |
|
|a 362.210978163
|
| 092 |
|
|
|a 362.21
|b C683w
|
| 100 |
1 |
|
|a Colarelli, Nick J.
|
| 245 |
1 |
0 |
|a Ward H ;
|b an adventure in innovation /
|c by Nick J. Colarelli and Saul M. Siegel.
|
| 264 |
|
1 |
|a Princeton, N.J. :
|b D. Van Nostrand Co.,
|c [1966]
|
| 300 |
|
|
|a viii, 248 pages ;
|c 19 cm.
|
| 336 |
|
|
|a text
|b txt
|2 rdacontent
|
| 337 |
|
|
|a unmediated
|b n
|2 rdamedia
|
| 338 |
|
|
|a volume
|b nc
|2 rdacarrier
|
| 490 |
0 |
|
|a Van Nostrand insight series, 33
|
| 610 |
1 |
0 |
|a Kansas.
|b State Hospital, Topeka.
|
| 650 |
|
0 |
|a Schizophrenics.
|
| 700 |
1 |
|
|a Siegel, Saul M.
|
| 999 |
|
|
|a MARS
|
| 999 |
f |
f |
|s c39f0380-ff2b-3fdf-96a7-d5080890f856
|i ba0c8218-1813-38ae-92a4-53b442c57b16
|t 0
|
| 952 |
f |
f |
|p ric
|a Texas A&M University
|b Rellis Campus
|c Joint Library Facility
|d Remote Storage
|t 0
|e RC445.K3 T625
|h Library of Congress classification
|i unmediated -- volume
|m A14800810020
|
| 998 |
f |
f |
|a RC445.K3 T625
|t 0
|l Remote Storage
|